000 00589cam a22002053a 4500
001 38461
003 PGUSA
005 20140828083840.0
008 120101s2012||||xxu|||||s|||||000 | eng d
040 _aPGUSA
_beng
042 _adc
100 1 _aReményik, Sándor,
_d1890-1941
245 1 0 _aCsak így... :
_bVersek 1918-20.
_h[electronic resource] /
_cSándor Reményik
260 _bProject Gutenberg,
_c2012
506 _aPublic domain in the USA.
516 _aElectronic text
830 0 _aProject Gutenberg
_v38461
856 4 0 _uhttp://www.gutenberg.org/ebooks/38461
942 _cEB
999 _c267715
_d267715